Financial valuation : applications and models

Bibliographic Details
Main Author: Hitchner, James R. (Author)
Format: Book
Language:English
Published: Hoboken, New Jersey : Wiley [2017]
Edition:Fourth edition with website
Subjects:

MARC

LEADER 00000cam a2200000 7i4500
001 0000030136
005 20241202.0
008 220923 njua eng
020 |a 9781119286608 
040 |a INS   |b eng   |e rda 
090 0 0 |a HG4028.V3   |b H583 2017 
100 1 |a Hitchner, James R. ,   |e author 
245 1 0 |a Financial valuation :   |b applications and models   |c James R. Hitchner 
250 |a Fourth edition with website 
264 1 |a Hoboken, New Jersey :   |b Wiley   |c [2017] 
300 |a xxxvii,1251 pages :   |b illustrations ;   |c 27 cm. 
336 |a text  |2 rdacontent 
337 |a unmediated  |2 rdamedia 
338 |a volume  |2 rdacarrier 
500 |a Includes index 
650 0 |a Corporations   |x Valuation 
999 |a 1000004528   |b BOOK   |c Open Shelf   |e Default branch